000
00299nam a2200133Ia 4500
008
230312s9999||||xx |||||||||||||| ||und||
082
_a
330
_b
MUN-E
100
_a
Munir Ahmad Butta
245
0
_a
Economics
260
_b
Azeem Academy
_a
Pakistan
546
_a
Eng.
650
_a
Economics
942
_c
BK
999
_c
6261
_d
6261